Percocet REMIX - Alex Rose, Lenny Tavárez, Químico Ultra Mega... - Estadísticas

Estadísticas generales
  • Esta prueba ha sido intentada 29 veces
  • La puntuación promedio es 347 de 618
Estadísticas de respuestas
Letra % Correcto
a
100%
A
100%
pa
100%
para
100%
perco
100%
por
100%
baby
75%
colombiana
75%
como
75%
Como
75%
cubana
75%
de
75%
De
75%
Dime
75%
Dos
75%
dos
75%
el
75%
en
75%
la
75%
La
75%
las
75%
lo
75%
los
75%
75%
mi
75%
no
75%
No
75%
percocet
75%
Percocet
75%
Pero
75%
pero
75%
porque
75%
Porque
75%
Qué
75%
que
75%
qué
75%
Que
75%
75%
se
75%
75%
semana
75%
si
75%
Si
75%
12
50%
acuesta
50%
Adderall
50%
adentro
50%
amiga
50%
amor
50%
aparece
50%
aquí
50%
avionetica
50%
bebo
50%
beso
50%
bien
50%
Black
50%
brujería
50%
cama
50%
cara
50%
caviar
50%
Chris
50%
coca
50%
coges
50%
colabora
50%
con
50%
Cuando
50%
cuando
50%
cuantos
50%
culo
50%
da
50%
daba
50%
darte
50%
decía
50%
Deje
50%
despacho
50%
día
50%
diablo
50%
doctor
50%
duro
50%
Eh
50%
enrolé
50%
entregarte
50%
ere
50%
es
50%
escondes
50%
ese
50%
eso
50%
estas
50%
extrañas
50%
Ey
50%
fabricando
50%
fama
50%
fantasia
50%
felicidad
50%
fue
50%
fumé
50%
ganas
50%
Hacemos
50%
Harley
50%
hasta
50%
he
50%
hiciste
50%
hizo
50%
hora
50%
ignoras
50%
lean
50%
Lenny
50%
llama
50%
llamas
50%
llames
50%
llamo
50%
loca
50%
mami
50%
Mami
50%
mañana
50%
marihuana
50%
me
50%
Me
50%
meterme
50%
metiéndome
50%
Montana
50%
mover
50%
nalga
50%
Nieve
50%
noche
50%
noches
50%
o
50%
olvidarme
50%
otro
50%
pasó
50%
pensar
50%
phillies
50%
piden
50%
piel
50%
prende
50%
Queen
50%
quieren
50%
quiero
50%
Quiero
50%
rico
50%
Rosé
50%
sacara
50%
ser
50%
siempre
50%
Siempre
50%
sin
50%
sobrevivir
50%
son
50%
tantas
50%
Tavárez
50%
te
50%
teléfono
50%
Tengo
50%
ti
50%
tiene
50%
tienes
50%
Tito
50%
to
50%
toda
50%
todavía
50%
tomo
50%
tre
50%
tu
50%
50%
50%
un
50%
una
50%
va
50%
vaso
50%
venezolana
50%
venia
50%
venirte
50%
ver
50%
volverte
50%
Volverte
50%
vuelvas
50%
y
50%
Y
50%
Ya
50%
ya
50%
yo
50%
Yo
50%
acosé
25%
ando
25%
Bella
25%
bella
25%
bello
25%
caber
25%
cambio
25%
carburo
25%
celebrar
25%
corazón
25%
darle
25%
déjale
25%
dejo
25%
dinero
25%
Entrego
25%
esas
25%
esto
25%
Hookia
25%
huyó
25%
idiota
25%
Joker
25%
juro
25%
luto
25%
más
25%
metido
25%
muslo
25%
nadie
25%
nalgotas
25%
ningún
25%
patín
25%
Perfecto
25%
pote
25%
Prr
25%
puedo
25%
puro
25%
quedó
25%
romo
25%
saber
25%
set
25%
Siri
25%
tatuajes
25%
Tony
25%
verla
25%
Wandell
25%
aunque
0%
bebiendo
0%
borracho
0%
champañe
0%
comporto
0%
cuero
0%
Envuelto
0%
expira
0%
fecha
0%
hey
0%
Hey
0%
Jeje
0%
Loco
0%
medida
0%
Mega
0%
Nandito
0%
nota
0%
pasen
0%
pelas
0%
Químico
0%
Robitussin
0%
seguro
0%
Sprite
0%
su
0%
toy
0%
Traigo
0%
Ultra
0%
viene
0%
wuh
0%
Wuh
0%
Yah
0%
Zero
0%
No se encontraron pruebas coincidentes
Distribución de puntuación
Porcentaje de gente con cada puntuación
Porcentaje por número respondido
Historial de tus puntuaciones
No has intentado esta prueba.